000 00960cam a22002775a 4500
001 ocn857820797
003 OSt
005 20170108113318.0
008 130813r20142013stka frbf 001 0 eng d
020 _a9780723436959
020 _a0723436959
040 _aNLM
_beng
_cNLM
_dCDX
_dUAT
_dNEH
_dYDXCP
_dUKMGB
_dBTCTA
_dCUD
_dEG-ScBUE
082 0 4 _222
_a617.645
_bHAN
245 0 0 _aHandbook of pediatric dentistry /
_cedited by Angus C. Cameron, Richard P. Widmer.
250 _a4th ed., Reprint ed.
260 _aEdinburgh ;
_aNew York :
_bMosby Elsevier,
_c2014.
300 _axviii, 542 p. :
_bill. (some col.) ;
_c24 cm.
500 _aReprinted of 2013 ed.
504 _aIncludes bibliographical references and index.
650 0 _aPedodontics
_vHandbooks, manuals, etc.
_2BUEsh
650 0 _aChildren
_xDental care.
_2BUEsh
653 _bDDent
_cJanuary2017
700 1 _aCameron, Angus C.,
_eeditor.
700 1 _aWidmer, Richard P.,
_eeditor.
942 _2ddc
999 _c23860
_d23832